00525nam a22001697a 450000500170000001000150001702000260003203500130005803700130007108200100008424501050009426000350019927000530023430000240028750000190031170000250033020141124111500.0 aENG-111287 a9789380261669c750.00 aEN-94819 bDBAD/PUB a330.9 aGlobal financial crisis :cedited by M. N. Bhattacharjee...[et al]bimplications and repercussions / aGuwahatibEBH Publishersc2012 a136, M.L. Nehru Road, PanbazarbGuwahatie781001 axx, 236p.c23cm(Hb) aIncludes index aBhattacharjee, M. N.